00422nam a2200121Ia 45000010005000000080041000050820020000461000075000662450093001412600024002349010027002589990015002852425241024s9999 xx 000 0 und d aRD/333.7/AL398p aAlianza ONG, Departamento de Estado de los Estados Unidos de América 0aParticiáción Pública: El Medio Ambiente en el Tratado de Libre Comerico (DR-CAFTA) bSanto Domingoc2008 a30/8/2012 3:06:39 p.m. c9708d9708